| 000 | 00443nam a22001697a 4500 | ||
|---|---|---|---|
| 999 |
_c258380 _d258379 |
||
| 003 | OSt | ||
| 005 | 20200611145237.0 | ||
| 008 | 200611b xxu||||| |||| 00| 0 eng d | ||
| 040 | _cn/a | ||
| 050 |
_a RC440 _b.P7338 2008 |
||
| 100 | _aFortinash Katherine M. | ||
| 245 | _aPsychiatric mental health nursing | ||
| 250 | _a4th.Edn. | ||
| 260 |
_aSt. Louis, Mo. ; London _b: Mosby Elsevier, _c c2008. |
||
| 300 | _axx,716p | ||
| 942 |
_2lcc _cBK |
||